Statistiques concernant QCM: Fleuves du monde

Cliquez ici pour prendre le quiz!

Statistiques générales

  • Ce quiz a été pris 310 fois
    (279 depuis la dernière actualisation)
  • Le résultat moyen est 11 sur 20

Statistiques - réponses

QuestionRéponse% Correct
Quel fleuve est le plus long des États-Unis?Mississippi
88%
Quel fleuve est sacré en Inde?Gange
80%
Quel fleuve se jette dans la mer Méditerranée?Rhône
72%
Quel fleuve a le plus haut débit?Amazone
69%
Lequel de ces fleuves prend sa source en France?Loire
68%
Quel fleuve ne traverse pas la Russie?Syr-Daria
68%
Quel pays n'est pas traversé par le Mékong?Malaisie
65%
Quel fleuve ne coule pas dans une capitale européenne?Rhin
60%
Quel pays n'est pas nommé d'après un fleuve?Cameroun
59%
Quel fleuve traverse au moins 3 pays différents?Euphrate
57%
Quel est le plus long fleuve d'Europe?Volga
57%
Lequel de ces fleuves européens prend sa source en Suisse?Rhin
56%
Quel fleuve n'est pas un affluent direct du Mississippi?Colorado
51%
Où le Danube prend-il sa source?En Allemagne
51%
Où se rejoignent le Nil Bleu et le Nil Blanc?à Khartoum
47%
Quel est le plus long fleuve d'Asie?Yangzi Jiang
47%
Quel fleuve ne se jette pas dans la Mer du Nord?Dniestr
42%
Quel fleuve se jette dans l'Océan Indien (ou ses dérivés)?Zambèze
39%
Parmi ces fleuves sud-américains, lequel ne coule pas en France (Guyane)?Moche
34%
Le Río Ucayali est un affluent de quel fleuve?Amazone
32%

Distribution des résultats

Percentile par nombre de réponses

% des personnes avec chaque résultat

Votre développement - résultats

Vous n’avez pas pris ce quiz depuis la dernière actualisation